000 00867nam a22002537a 4500
001 BR7901132
003 BR-BrBNA
005 20230928085938.0
007 ta
008 230509b bl.||||| |||| 00| 0 por d
040 _aBR-BrBNA
_bpor
_cBiblioteca Nacional de Agricultura
041 _a(Por)
072 _aE15
_b/G514
090 _ E15 BR7901132
110 1 _aSubsecretaria de Planejamento e Orcamento, Brasilia, DF (Brasil). Escritorio de Estatistica
_99994
245 1 _aLevantamento da producao agricola municipal; culturas temporarias e permanentes 1975. Brasil e unidades da Federacao [custo de producao, estatistica da producao]
260 3 _aBrasilia, DF (Brasil):
_c1978.
300 _a57 p.
500 _aNumerical data
650 _aESTATISTICA DE PRODUCAO
650 _aCUSTO DE PRODUCAO
909 _a202309
_bLucia
_c55
_dLucia Elande
942 _cBK
999 _c27123
_d27123